000 00275nam a22001097a 4500
008 160520b xxu||||| |||| 00| 0 eng d
020 _a0672976072
041 _aeng
080 _a76
245 _aComprehensive graphic arts;
_cErvon A. Dennis; John D. Jenkins;
942 _2udc
_cBK
999 _c2322
_d2322